Normal view
MARC view
- ALLEN, A.H
Entry Personal Name
001 - CONTROL NUMBER
- control field: 43186
003 - CONTROL NUMBER IDENTIFIER
- control field: NUST
005 - DATE AND TIME OF LATEST TRANSACTION
- control field: 20210314132544.0
008 - FIXED-LENGTH DATA ELEMENTS
- fixed length control field: 210314|| aca||aabn | a|a d
040 ## - CATALOGING SOURCE
- Original cataloging agency: NUST
- Transcribing agency: NUST
100 ## - HEADING--PERSONAL NAME
- Personal name: ALLEN, A.H
670 ## - SOURCE DATA FOUND
- Source citation: Work cat.: (NUST): ALLEN, A.H, REINFORCED CONCRETE DESIGN TO BS 8110 SIMPLY EXPLAINED, 1988
